AU LIBRARIES
Centralized Library System Across Seven Campuses

Risk Management and Financial Institutions (Record no. 47621)

MARC details
000 -LEADER
fixed length control field 00548nam a22002057a 4500
005 - DATE AND TIME OF LATEST TRANSACTION
control field 20260521111346.0
008 - FIXED-LENGTH DATA ELEMENTS--GENERAL INFORMATION
fixed length control field 260521b |||||||| |||| 00| 0 eng d
020 ## - INTERNATIONAL STANDARD BOOK NUMBER
ISBN 978-1-119-44811-2
082 ## - DEWEY DECIMAL CLASSIFICATION NUMBER
Classification number 332.106
Author Mark HUL-R
100 ## - MAIN ENTRY--AUTHOR
Author Name Hull, John C.
245 ## - TITLE STATEMENT
Title Risk Management and Financial Institutions
250 ## - EDITION STATEMENT
Edition statement 5th Ed
260 ## - PUBLICATION, DISTRIBUTION, ETC.
Place of Publication Hoboken,NJ
Name of publisher, distributor, etc. John Wiley & Sons,Inc
Date of publication, distribution, etc. 2018
300 ## - PHYSICAL DESCRIPTION
Pages 830 p.
500 ## - GENERAL NOTE
General note Includes index.<br/>
650 ## - SUBJECT ADDED ENTRY--TOPICAL TERM
Subject / Department Risk management.
650 ## - SUBJECT ADDED ENTRY--TOPICAL TERM
Subject / Department Financial institutions
650 ## - SUBJECT ADDED ENTRY--TOPICAL TERM
Subject / Department Management
942 ## - ADDED ENTRY ELEMENTS (KOHA)
Koha item type Book
Holdings
Withdrawn status Lost status Damaged status Not for loan Collection code Permanent Location Current Location Shelving Location Date acquired Source of acquisition Price Inventory number Total Checkouts Full Call Number Accession No./Barcode Date last seen Koha item type
        Management Science Air University Kharian Campus Library Air University Kharian Campus Library Management Science 04/09/2026 Ali Book Services 2950.00 KA/10221 1 332.106 HUL-R AUKHP0683 05/21/2026 Book
Air University Sector E-9, Islamabad Pakistan
Email: librarian@au.edu.pk  Tel : +0092 51 9262612 Ext: 631